01275nam a2200289Ia 4500001001200000003000800012006001900020007001500039008004100054020002200095020002500117040002100142035002100163050002400184100004000208245012400248260009900372300002600471504006600497533015200563610004700715650002400762651002700786655002900813710001700842856012600859ebr10254907CaPaEBRm u cr cn|||||||||070802s2007 enkab sb 001 0 eng d z1845116127 (hbk.) z9781845116125 (hbk.) aCaPaEBRcCaPaEBR a(OCoLC)50344566714aF277.B3bR69 2007eb1 aRoyle, Stephen A.q(Stephen Arthur)14aThe company's islandh[electronic resource] :bSt Helena, company colonies and the colonial endeavour /cStephen Royle. aLondon ;aNew York :bI.B. Tauris ;aNew York :bDistributed in the U.S.A. by Palgrave,c2007. a227 p. :bill., maps. aIncludes bibliographical references (p. [191]-218) and index. aElectronic reproduction.bPalo Alto, Calif. :cebrary,d2009.nAvailable via World Wide Web.nAccess may be limited to ebrary affiliated libraries.20aEast India CompanyzSaint HelenaxHistory. 0aColonial companies. 0aSaint HelenaxHistory. 7aElectronic books.2local2 aebrary, Inc.40uhttp://site.ebrary.com/lib/rucke/Doc?id=10254907zAn electronic book accessible through the World Wide Web; click to view